Football : FC Nantes - Statistiques

Statistiques générales
  • Ce quiz a été pris 208 fois
  • Le résultat moyen est 15 sur 23
Statistiques - réponses
Questions Réponses % Correct
Quelles sont les deux couleurs emblématiques du FC Nantes ? Jaune et Vert
99%
Combien de championnats le FC Nantes a-t-il remporté ? 8
97%
Comment s'appelle le stade de Nantes ? La Beaujoire
97%
Que signifie le sigle FCN ? Football Club de Nantes
96%
Par conséquent, quels sont les seuls clubs avec plus de championnats remportés ? Paris Saint Germain
95%
Quel club breton est le grand rival du FC Nantes ? Stade Rennais
95%
Quel surnom d'oiseau est donné aux joueurs de Nantes ? Les Canaris
93%
En quelle année date le dernier titre ? 2001
85%
AS Saint-Etienne
82%
Olympique de Marseille
82%
Quelle est sa capacité (chiffre rond) ? 35 000
72%
En quelle année le FC Nantes a-t-il été créé ? 1943
66%
Comment s'appelle le groupe de supporters mettant le plus d'ambiance ? Brigade Loire
65%
Quel journaliste de CNEWS controversé est un grand supporter du FC Nantes ? Pascal Praud
64%
En quelle année le FC Nantes a-t-il remporté son avant dernier championnat de France, symbole du jeu à la nantaise ? 1995
59%
Quels joueurs, déjà partis à cette époque, ont contribué à la montée en puissance du club mari-ligérien (futurs champions du monde 1998) ? Marcel Desailly
51%
Didier Deschamps
50%
Quel homme donne son nom à la suite du nom du stade ? Louis Fonteneau
45%
Qui était alors l'entraîneur de cette équipe, ayant été joueur de Nantes par le passé ? Jean-Claude Suaudeau
35%
Quel défenseur central, titulaire lors de l'Euro 1984, est une légende du FC Nantes ? Maxime Bossis
32%
Quel joueur puis entraîneur yougoslave du FC Nantes, a marqué l'attaque du FC Nantes ? Vahid Halilhodzic
31%
Qui est le meilleur buteur de l'histoire du club ? Philippe Gondet
20%
Quel gardien est le joueur le plus capé du FC Nantes ? Jean-Paul Bertrand Demanes
16%
Aucun quiz correspondant
Distribution des résultats
% des personnes avec chaque résultat
Percentile par nombre de réponses
Votre historique - résultats
Vous n’avez pas pris ce quiz